Tres estudios de historiografía argentina /

Uloženo v:
Podrobná bibliografie
Hlavní autor: Cesano, José Daniel (autor.)
Médium: E-kniha
Jazyk:španělština
Vydáno: Córdoba : Editorial Brujas, 2021.
Témata:
On-line přístup:https://elibro.unach.elogim.com/es/lc/unach/titulos/292807
Tagy: Přidat tag
Žádné tagy, Buďte první, kdo vytvoří štítek k tomuto záznamu!

MARC

LEADER 00000nam a2200000 i 4500
001 ELB292807
003 FINmELB
005 20260222122822.0
006 m o u
007 cr cn|||||||||
008 260222s2021 ag ob 000 0 spa d
020 |z 9789877602777 
020 |a 9789877604115  |q (e-book) 
035 |a (OCoLC)1574227552 
040 |a FINmELB  |b spa  |e rda  |c FINmELB 
043 |a s-ag--- 
050 1 4 |a F2829  |b C421 2021 
080 |a 94(82):930 
082 0 4 |a 982.0072  |2 23 
100 1 |a Cesano, José Daniel,  |e autor. 
245 1 0 |a Tres estudios de historiografía argentina /  |c José Daniel Cesano. 
264 1 |a Córdoba :  |b Editorial Brujas,  |c 2021. 
300 |a 1 recurso en línea (158 páginas) 
336 |a texto  |b txt  |2 rdamedia/spa 
337 |a computadora  |b c  |2 rdamedia/spa 
338 |a recurso en línea  |b cr  |2 rdacarrier/spa 
504 |a Contiene bibliografía. 
588 |a Descripción basada en metadatos suministrados por el editor y otras fuentes. 
590 |a Recurso electrónico. Santa Fe, Arg.: elibro, 2026. Disponible vía World Wide Web. El acceso puede estar limitado para las bibliotecas afiliadas a elibro. 
651 4 |a Argentina  |x Historiografía. 
655 4 |a Libros electrónicos. 
797 2 |a elibro, Corp. 
856 4 0 |u https://elibro.unach.elogim.com/es/lc/unach/titulos/292807